Cyclisme : Coureurs ayant remporté au moins deux Tours de France - Statistiques

Statistiques générales
  • Ce quiz a été pris 1 982 fois
    1 570 depuis la dernière actualisation
  • Le résultat moyen est 11 sur 22
Statistiques - réponses
Nat Coureur Titres % Correct
🇬🇧 Christopher Froome 4
95%
🇫🇷 Bernard Hinault 5
94%
🇸🇮 Tadej Pogačar 4
94%
🇧🇪 Eddy Merckx 5
93%
🇩🇰 Jonas Vingegaard 2
88%
🇪🇸 Alberto Contador 2
82%
🇫🇷 Jacques Anquetil 5
77%
🇪🇸 Miguel Indurain 5
74%
🇫🇷 Laurent Fignon 2
62%
🇺🇸 Greg LeMond 3
60%
🇮🇹 Fausto Coppi 2
54%
🇫🇷 Louison Bobet 3
49%
🇫🇷 Bernard Thévenet 2
43%
🇮🇹 Gino Bartali 2
39%
🇫🇷 Lucien Petit-Breton 2
27%
🇧🇪 Philippe Thys 3
17%
🇧🇪 Sylvère Maes 2
14%
🇫🇷 Antonin Magne 2
13%
🇱🇺 Nicolas Frantz 2
12%
🇮🇹 Ottavio Bottecchia 2
12%
🇫🇷 André Leducq 2
9%
🇧🇪 Firmin Lambot 2
9%
Aucun quiz correspondant
Distribution des résultats
% des personnes avec chaque résultat
Percentile par nombre de réponses
Votre historique - résultats
Vous n’avez pas pris ce quiz depuis la dernière actualisation